000 00402nam a22001577a 4500
003 OSt
008 220511b ||||| |||| 00| 0 eng d
020 _a9780070702486
082 _a621.395
_bGEV
100 _aGEIGER, Randall L
245 _aVLSI Design Techniques for Analog and Digital Circuits
250 _a3th
260 _aNew Delhi
_bTata Mcgraw Hill
_c2013
300 _a969
942 _2ddc
_cBK
999 _c11209
_d11209